Statystyki dla Quiz o najczęściej handlowanych walutach na świecie

Kliknij tutaj aby rozwiązać quiz!

Ogólne statystyki

  • Ten quiz został rozwiązany 585 razy
  • Średni wynik to 4 z 10

Statystyki odpowiedzi

MiejsceWaluta% Poprawnych
2.Euro
98%
1.Dolar Amerykański
81%
4.Funt Brytyjski
52%
6.Frank Szwajcarski
49%
5.Dolar Australijski
39%
7.Dolar Kanadyjski
35%
3.Jen Japoński
24%
9.Korona Szwedzka
20%
10.Dolar Nowozelandzki
7%
8.Dolar Hongkoński
1%

Rozkład punktacji

Percentyl według liczby udzielonych odpowiedzi

Procent ludzi z każdym wynikiem

Twoja historia wyników

Nie rozwiązałeś tego quizu